Criminología, victimología y cárceles (Registro nro. 19156)

Detalles MARC
000 -ENCABEZADO
Número de control [NR] 00905nam a2200253Ia 4500
005 - FECHA Y HORA DE LA ÚLTIMA TRANSACCIÓN
control field 20250529112457.0
008 - DE LONGITUD FIJA DE DATOS DE ELEMENTOS - INFORMACIÓN GENERAL
Elementos de longitud fija [NR] 130821s1996 ck gr spa
020 ## - NUMERO INTERNACIONAL NORMALIZADO PARA LIBROS [R]
Número Internacional Normalizado del libro [NR] 9589176348
040 ## - FUENTE DE CATALOGACION [NR]
Agencia de catalogación original [NR] Co-BoUCM
Idioma de catalogación [NR] spa
Quien Cataloga David Moreno (modificó)
Quien Clasifica David Moreno (modificó)
041 ## - CODIGO DE IDIOMA [R]
Código de idioma para texto/pista de sonido o título separado [R] Español
100 1# - ASIENTO PRINCIPAL--NOMBRE PERSONAL [NR]
Nombre personal [NR] Beristain Ipiña, Antonio
ID Autoridad 119851
245 10 - MENCION DE TITULO [NR]
Título [NR] Criminología, victimología y cárceles
Mención de responsabilidad, etc. [NR] Antonio Beristain Ipiña
250 ## - MENCION DE EDICION [NR]
Mención de edición [NR] 1a.Ed
260 ## - PUBLICACION, DISTRIBUCION, ETC. (PIE DE IMPRENTA) [R]
Lugar de publicación, distribución, etc. [R] Bogotá (Cundinamarca, Colombia)
Nombre del editor, distribuidor, etc. [R] Pontificia Universidad Javeriana
Fecha de publicación, distribución, etc. [R] 1996
300 ## - DESCRIPCION FISICA [R]
Extensión [R] 2 volúmenes
490 ## - MENCION DE SERIE [R]
Mención de serie [R] Colección Profesores,22
505 ## - NOTA DE CONTENIDO CON FORMATO PREESTABLECIDO [R]
Nota de contenido con formato preestablecido [NR] Contenido : v. 1: Criminología
650 04 - ASIENTO SECUNDARIO DE MATERIA - TERMINO TEMATICO [R]
Término temático o nombre geográfico como elemento de entrada [NR] Derecho penal
9 (RLIN) 12805
650 04 - ASIENTO SECUNDARIO DE MATERIA - TERMINO TEMATICO [R]
Término temático o nombre geográfico como elemento de entrada [NR] Tratamiento penitenciario
9 (RLIN) 185870
653 ## - TERMINO DE INDIZACION - NO CONTROLADO [R]
Término de indización no controlado [R] Criminalidad y exclusión social
653 ## - TERMINO DE INDIZACION - NO CONTROLADO [R]
Término de indización no controlado [R] Reparación y justicia restaurativa
942 ## - ELEMENTOS DE ENTRADA AGREGADOS (KOHA)
Tipo de ítem principal el descrito en 300a Libro
Tema principal Derecho
Edición 1
Parte restante de la signatura top. B37
Sistema de clasificación DEWEY
Clasificación 364
Título oculto en OPAC No
Existencias
Fecha de último préstamo Total préstamos Signatura topográfica Código de barras Última vez visto Volúmen / Fascículo Ejemplar Price effective from Tipo de ítem Perdido Sistema de clasificación Dañado No prestable Tipo de ítem específico Suprimido Ubicación habitual Ubicación actual Localización Fecha de creación Forma de adquisición Costo Total Renewals Costo de reposición
26/10/2017 9 364 B37 100039421 04/12/2025 Vol.1 Ej.1 03/02/2013 Libro   DEWEY     Libro   Claustro Claustro 3er piso 28/02/2003 Compra 2000.00    
26/08/2023 4 364 B37 100039422 04/12/2025 Vol. 2 Ej.1 03/02/2013 Libro   DEWEY     Libro   Claustro Claustro 3er piso 28/02/2003 Compra 2000.00 1  
    364 B37 100169099 04/12/2025 Vol. 2 Ej.2 07/02/2022 Libro   DEWEY     Libro   Claustro Claustro 3er piso 07/02/2022 Donación 0.00   26000.00